[Event "RUS-chT Blitz Men 2018"]
[Site "Sochi"]
[Date "2018.10.10"]
[Round "6"]
[White "Ponkratov, Pavel"]
[Black "Chigaev, Maksim"]
[Result "1-0"]
[WhiteElo "2628"]
[BlackElo "2599"]
[Annotator "TA"]
[PlyCount "67"]
[EventDate "2018.10.10"]
[EventType "swiss"]
[EventCountry "RUS"]
[SourceTitle "playchess.com"]
[Source "ChessBase"]
[SourceQuality "1"]

{[%evp 9,67,53,49,23,37,36,39,32,74,49,79,75,111,21,31,18,34,11,39,25,43,37,45,44,106,77,87,-27,66,71,121,112,116,34,134,85,134,98,96,105,102,69,64,31,31,34,367,138,427,388,356,214,654,640,910,878,1004,998,960,956]} 1. d4 g6 2. e4 Bg7 3. Nc3 d6 4. Be3 a6 5. f3 (5. f4 b5 6. Bd3 Nd7 7. e5 c5 8. Nf3 Nh6 9. Be4 Rb8 10. dxc5 dxc5 11. h3 Bb7 12. Bxb7 Rxb7 13. g4 Qc8 {0-1 (39) Hou,Y (2658)-Nakamura,H (2777) chess.com INT 2018}) 5... b5 6. h4 {B06: Modern Defence} h5 7. Nh3 Nd7 8. Ng5 {White is slightly better.} e6 9. Qd2 Bb7 10. a4 b4 {[#]} 11. Nd1 (11. Ne2 $1 $16) 11... a5 12. c3 bxc3 13. bxc3 $146 ({Predecessor:} 13. Nxc3 Ngf6 14. Be2 {0-1 (36) Baltaci,I (1842)-Haznedaroglu,K (2467) Manavgat 2016}) 13... Ngf6 14. Rb1 $36 {[%mdl 2048] Black is under pressure.} Rb8 15. Bd3 O-O 16. O-O e5 (16... Nb6 $14) 17. d5 Nc5 18. Nb2 (18. Bxc5 $16 dxc5 19. Nf2) 18... Nfd7 (18... Nxd3 $11 19. Nxd3 Ba6) 19. Bb5 $14 Nb6 20. Qf2 Qe7 21. c4 (21. Bxc5 $1 $16 dxc5 22. Nc4) 21... f6 (21... Rfc8 $14) 22. Nh3 f5 23. Ng5 Nbd7 24. exf5 gxf5 25. Bxd7 Nxd7 26. Ne6 {Bg5 is the strong threat.} f4 27. Ba7 Bf6 $2 {[%mdl 8192] [#]} ({Black should play} 27... Ra8 $14) 28. Qc2 $2 ({Less strong is} 28. Nxf8 Rxf8 29. Qc2 Bxh4 $16) (28. Nd3 $18 {has better winning chances.} Nb6 29. Qc2 (29. Bxb8 Rxb8 30. Qc2 Kh8 $18)) 28... Qf7 $2 {[%mdl 8192]} (28... Ra8 $16) 29. Bxb8 ({Not} 29. Nxf8 Rxf8 30. Bf2 Ba6 $16) 29... Rxb8 30. Qf5 Nc5 $2 (30... Be7 31. Qxf7+ Kxf7) 31. Nxc5 $18 {White is clearly winning.} dxc5 32. Nd3 e4 33. fxe4 Bd4+ 34. Kh1 {Precision: White = 47%, Black = 16%.} 1-0

[Event "RUS-chT Blitz Men 2018"]
[Site "Sochi"]
[Date "2018.10.10"]
[Round "6"]
[White "Alekseev, Evgeny"]
[Black "Grachev, Boris"]
[Result "1/2-1/2"]
[WhiteElo "2620"]
[BlackElo "2626"]
[Annotator "TA"]
[PlyCount "94"]
[EventDate "2018.10.10"]
[EventType "swiss"]
[EventCountry "RUS"]
[SourceTitle "playchess.com"]
[Source "ChessBase"]
[SourceQuality "1"]

{[%evp 9,94,20,31,19,36,35,41,27,20,16,15,18,37,31,42,19,59,60,48,40,66,46,80,69,73,77,75,94,135,91,237,138,247,100,100,100,100,92,105,90,88,0,56,-108,6,-59,-69,-263,-259,-389,-235,-242,-240,-233,-241,-232,-229,-214,-204,-208,-35,-120,-47,-76,38,-35,368,0,362,0,0,0,0,0,0,0,0,0,0,0,0,0,0,0,0,0,660]} 1. c4 e6 2. Nf3 d5 3. e3 dxc4 (3... Nf6 4. Nc3 dxc4 5. Bxc4 a6 6. a4 c5 7. d4 Nc6 8. O-O Be7 9. Ne5 Bd7 10. Nxd7 Qxd7 11. dxc5 Qxd1 12. Rxd1 Bxc5 13. Kf1 Ke7 14. Ke2 Rac8 15. Bd2 Bd6 16. Be1 Rc7 17. h3 {½-½ (55) Mamedyarov,S (2801)-Dominguez Perez,L (2739) Saint Louis 2018}) 4. Bxc4 a6 5. b3 Nf6 6. Bb2 {A13: Reti-Eröffnung} b5 7. Be2 Bb7 8. Qc2 {Weiß steht etwas besser.} c5 $146 ({Vorgänger:} 8... Nbd7 9. O-O c5 10. d3 Be7 11. Nbd2 O-O 12. Rad1 Rc8 {0-1 (40) Vogler,T (2320)-Brandenburg,D (2483) Germany 2008}) 9. a4 b4 10. d3 Nbd7 11. Nbd2 Be7 12. g4 {[%cal Bg2g4,Bg4g5][%mdl 32]} O-O 13. g5 Nd5 14. h4 f5 15. Nc4 Rc8 16. Rg1 N5b6 17. O-O-O Nxc4 18. dxc4 Qc7 19. Ba1 Rfd8 (19... Rcd8 $16) 20. h5 (20. Qb2 $18 {[%csl Ga1][%cal Rb2g7]} e5 21. Nxe5 Qxe5 22. Qxe5 Nxe5 23. Bxe5) 20... Bf8 (20... Nf8 $16 {war angesagt.} 21. Qb2 Rxd1+ 22. Rxd1 e5 23. Qxe5 Qxe5 24. Bxe5 Re8) 21. h6 (21. Qb2 $1 $18) 21... Bxf3 $16 22. Bxf3 {Und weiter mit Db2 wäre nett.} Ne5 23. Be2 Ng6 24. f4 Rxd1+ 25. Rxd1 (25. Bxd1 $16 Rd8 26. Qf2) 25... Rd8 (25... gxh6 $11 26. gxh6 Bxh6) 26. Rg1 $2 (26. Rxd8 $14 Qxd8 27. Bxg7) 26... a5 (26... Nxf4 $1 $17 27. Bd1 (27. exf4 $2 Qxf4+ 28. Kb1 Rd2 $19) 27... Nd3+ 28. Kb1 g6) 27. Bf3 ({Besser ist} 27. Kb1 $11) 27... Nxf4 $1 $15 28. hxg7 $2 (28. Kb1 $15 Ng6 29. Bh5) 28... Bxg7 $19 29. Bf6 (29. Rd1 $142 Rxd1+ 30. Bxd1 Bxa1 31. exf4) 29... Rd7 30. Kb1 Ng6 $1 31. e4 {[#]} Qf4 $1 32. exf5 Qxf3 33. fxg6 hxg6 34. Ka2 Qd3 $2 (34... e5 $19 {...e4 ist eine echte Drohung.} 35. Bxg7 Qe3) 35. Qb2 (35. Qxd3 $1 $15 Rxd3 36. Bxg7 Kxg7 37. Re1) 35... Qe3 (35... Bxf6 $17 36. Qxf6 Qe4) 36. Rg2 $15 {[#]} Qe1 (36... Bxf6 $1 $17 37. Qxf6 Rd2+ 38. Rxd2 Qxd2+ 39. Kb1 Qd1+ 40. Ka2 Qc2+ 41. Qb2 Qf5) 37. Re2 ({Lieber} 37. Bxg7 $14 Rxg7 38. Re2) 37... Qf1 $2 {[%mdl 8192]} (37... Bxf6 $15 {bleibt weiter vorne.} 38. Rxe1 Bxb2 39. Kxb2 Kf7) 38. Rxe6 $2 (38. Rf2 $18 Qd1 39. Bxg7 Rxg7 40. Qe5) 38... Qd1 $2 {[%mdl 8192]} (38... Kf7 $11 {und Schwarz muss sich keine Sorgen machen.} 39. Rc6 Qd1) 39. Re2 $2 (39. Bxg7 $18 {jetzt Te8+ und aus.} Rxg7 40. Re8+ Kh7 41. Ra8) 39... Bxf6 $11 {Die Stellung ist ausgeglichen.} 40. gxf6 {[%mdl 4096] Endspiel KDT-KDT} Kf7 41. Rh2 Qd4 42. Qe2 Kxf6 43. Qf3+ Kg7 44. Qh3 Kf6 45. Qf3+ Kg7 46. Qh3 {Schwarz muss nun Dh8+ beachten.} Kf6 47. Qf3+ Ke5 $2 {[%mdl 40960] Precision: Weiß = 40%, Schwarz = 37%. . An unexpected result.} (47... Kg7 $11) 1/2-1/2

[Event "RUS-chT Blitz Men 2018"]
[Site "Sochi"]
[Date "2018.10.10"]
[Round "6"]
[White "Kobalia, Mikhail"]
[Black "Usmanov, Vasily"]
[Result "1/2-1/2"]
[WhiteElo "2620"]
[BlackElo "2453"]
[Annotator "TA"]
[PlyCount "82"]
[EventDate "2018.10.10"]
[EventType "swiss"]
[EventCountry "RUS"]
[SourceTitle "playchess.com"]
[Source "ChessBase"]
[SourceQuality "1"]

{[%evp 19,82,-7,13,0,7,-43,-38,-49,0,-30,-40,-74,-13,-40,-46,-42,-46,-56,0,0,0,0,0,0,0,0,0,0,0,-2,-4,-19,0,0,-4,-1,0,0,0,-26,0,0,0,0,0,0,0,0,0,0,0,0,0,0,0,0,0,0,0,0,0,0,0,0,0]} 1. e4 c5 2. Nf3 Nc6 3. Bb5 d6 4. O-O Bd7 5. Re1 a6 6. Bf1 Bg4 7. h3 Bh5 {B51: Sicilian: Moscow Variation (3 Bb5+) without 3...Bd7} 8. c3 e6 (8... Rc8 9. g4 Bg6 10. d4 h5 11. d5 Ne5 12. Nh2 hxg4 13. hxg4 e6 14. Bf4 Nf6 15. Bg2 {0-1 (47) Caruana,F (2782)-Nakamura,H (2789) Zuerich 2014}) 9. Na3 Nf6 10. Nc2 Be7 {LiveBook: 3 Games} 11. d4 cxd4 12. cxd4 d5 13. e5 Nd7 14. Bf4 $146 ({Predecessor:} 14. g4 Bg6 15. Bd3 Nf8 {0-1 (53) Al Zendani,Z (2377)-Jumabayev,R (2556) Zaozhuang 2012}) 14... O-O 15. Bd3 {[#]} Rc8 (15... f6 $1 $17 {[%cal Rf6e5] ...fxe5 is the strong threat.} 16. exf6 Rxf6) 16. g4 Bg6 17. Bxg6 fxg6 18. Be3 Nb4 (18... g5 $15) 19. Nxb4 $11 Bxb4 20. Rf1 Nb6 21. Qe2 Qd7 22. Rac1 Nc4 23. Kg2 Be7 24. b3 Na5 25. h4 Rxc1 26. Rxc1 Nc6 27. Rh1 h6 28. Qd3 Qe8 29. Bd2 Qf7 {Hoping for ...Nxd4!} 30. Rh3 {The position is equal.} Bb4 31. Bc1 Be7 32. Bd2 Bb4 33. Bc1 Be7 34. Be3 Nb4 35. Qb1 Nc6 36. Qd3 Nb4 37. Qb1 Nc6 38. Qd1 Bd8 39. Qd3 Nb4 40. Qd2 Nc6 41. Qd3 Nb4 {Precision: White = 74%, Black = 59%.} 1/2-1/2

[Event "RUS-chT Blitz Men 2018"]
[Site "Sochi"]
[Date "2018.10.10"]
[Round "6"]
[White "Romanov, Evgeny"]
[Black "Motylev, Alexander"]
[Result "1/2-1/2"]
[WhiteElo "2614"]
[BlackElo "2661"]
[Annotator "TA"]
[PlyCount "38"]
[EventDate "2018.10.10"]
[EventType "swiss"]
[EventCountry "RUS"]
[SourceTitle "playchess.com"]
[Source "ChessBase"]
[SourceQuality "1"]

{[%evp 16,38,18,11,12,10,12,7,49,21,45,26,17,-16,0,0,0,-122,-112,-122,-134,-175,-161,-151,-6]} 1. b3 {Marin,M} e5 2. Bb2 Nc6 3. c4 Nf6 4. d3 d5 5. cxd5 Nxd5 6. Nf3 Bd6 7. g3 O-O 8. Bg2 Nb6 9. O-O Bg4 {A20: English Opening: 1...e5} 10. h3 Bh5 11. Nbd2 Kh8 $146 {The position is equal.} ({Predecessor:} 11... Qe7 12. Ne4 f5 13. Nxd6 cxd6 14. b4 Nxb4 15. Qb3+ N4d5 16. Nxe5 dxe5 17. Bxd5+ Nxd5 18. Qxd5+ {1-0 (43) Aronian,L (2773)-Shirov,A (2730) Bilbao 2009 CBM 132 [Marin,M]}) 12. a3 f5 {[%cal Bf7f5,Bf5f4][%mdl 32]} 13. b4 Qe7 14. Nh4 Nd4 15. Bxd4 exd4 16. Re1 (16. Bxb7 $11 Bxe2 17. Re1 Bxd1 18. Rxe7) 16... f4 17. g4 Bxg4 18. hxg4 {[#] Threatens to win with Nhf3.} Qxh4 19. Bf3 Nd7 {Precision: White = 40%, Black = 34%.} ({Black should play} 19... Qh3 $17 20. Qb3 Nd7) 1/2-1/2

[Event "RUS-chT Blitz Men 2018"]
[Site "Sochi"]
[Date "2018.10.10"]
[Round "6"]
[White "Indjic, Aleksandar"]
[Black "Sharafiev, Azat"]
[Result "1-0"]
[WhiteElo "2604"]
[BlackElo "2432"]
[Annotator "TA"]
[PlyCount "103"]
[EventDate "2018.10.10"]
[EventType "swiss"]
[EventCountry "RUS"]
[SourceTitle "playchess.com"]
[Source "ChessBase"]
[SourceQuality "1"]

{[%evp 16,103,75,41,116,116,110,101,111,120,131,77,66,79,115,81,129,122,127,58,137,63,109,79,144,18,36,-14,-11,-116,76,83,76,85,655,694,693,680,668,663,767,804,792,788,905,836,1010,967,855,712,700,584,507,93,96,95,92,80,80,76,95,95,246,233,332,289,322,335,406,405,29968,29969,29969,29967,29970,29971,29977,278,278,0,29972,972,29983,29984,29987,29982,29986,29986,29989,29990]} 1. d4 d6 2. Nf3 Nf6 3. c4 Bg4 {[%cal Bc8g4,Bg4h5,Bh5g6][%mdl 32]} 4. Nc3 Nbd7 5. e3 e5 6. h3 {A53: Old Indian Defence without Nf3} Bh5 7. g4 Bg6 8. Nh4 c6 9. Bg2 {LiveBook: 3 Games} exd4 $146 (9... Ne4 $14 10. Nxg6 (10. Bxe4 Qxh4 11. Bd2 Be7 $11) 10... Nxc3 11. bxc3 hxg6) ({Predecessor:} 9... Nb6 10. Qe2 Nfd7 11. Nxg6 hxg6 12. Bd2 Be7 {1-0 (43) Le,Q (2693)-Kotsur,P (2548) Astana 2012}) 10. exd4 Be7 11. O-O O-O 12. Nxg6 fxg6 13. g5 (13. d5 $142) 13... Nh5 $16 14. Qg4 Nb6 15. Re1 Rf7 16. d5 Rc8 17. b3 (17. Be3 $16) 17... Qf8 (17... Nd7 $1 $14) 18. Qe6 (18. a4 $16) 18... Kh8 19. h4 $36 {[%mdl 2048] Keeping Black busy.} Bd8 ({Black should play} 19... Rc7) 20. Ne4 (20. Qe8 $16) 20... cxd5 21. cxd5 Bc7 22. Be3 (22. Bd2 $11) 22... Nf4 $2 (22... Re8 $17 {and life is bright.} 23. Qg4 Nxd5 24. Bxa7 Nhf4) 23. Bxf4 $1 Rxf4 {[#]} 24. Rac1 $1 Re8 $2 {[%mdl 8192]} (24... Rf7 $16) 25. Rxc7 $18 Rxe6 26. dxe6 {Hoping for e7.} Nd5 27. Rxb7 Rg4 28. Ng3 Ne7 29. Rc1 h6 30. Rcc7 Nf5 31. e7 Nxe7 32. Rxe7 hxg5 33. hxg5 Rxg5 34. Rxg7 $2 (34. Rxa7 $18 {and White stays clearly on top.} Ra5 35. a4) 34... Qxg7 $16 35. Rxg7 Kxg7 36. Be4 Rc5 37. Kf1 Kf6 38. Ke2 Ke5 $2 (38... g5 $16 {was worth a try.}) 39. Bxg6 $18 Rc1 (39... d5 $142 40. Kd2 Rc6) 40. Kd2 Ra1 41. a4 Ra2+ 42. Bc2 d5 (42... Ra1 $18 43. Ke3 Re1+ 44. Ne2 Kd5) 43. Ne2 Ra1 44. Nc1 Kd4 45. f4 {[%cal Bf2f4,Bf4f5][%mdl 32]} a5 46. Ne2+ $2 (46. Bg6 {mates} Kc5 47. Kc2 Kd6 48. Kb2 Rxc1 49. Kxc1 d4 {[#]} 50. b4 $1 {[%mdl 512]} axb4 51. a5) 46... Kc5 47. Nc1 $2 (47. f5 $18) 47... Kd4 $1 {[#]} 48. b4 $1 Kc4 (48... axb4 49. Nb3+) 49. bxa5 {White mates.} d4 50. f5 d3 51. Bxd3+ Kd4 52. Nb3+ {Precision: White = 44%, Black = 34%.} 1-0

[Event "RUS-chT Blitz Men 2018"]
[Site "Sochi"]
[Date "2018.10.10"]
[Round "6"]
[White "Kryakvin, Dmitry"]
[Black "Apryshko, Gleb"]
[Result "1/2-1/2"]
[WhiteElo "2595"]
[BlackElo "2399"]
[Annotator "TA"]
[PlyCount "119"]
[EventDate "2018.10.10"]
[EventType "swiss"]
[EventCountry "RUS"]
[SourceTitle "playchess.com"]
[Source "ChessBase"]
[SourceQuality "1"]

{[%evp 14,119,49,43,66,61,86,74,105,106,129,14,47,54,93,94,96,81,100,87,199,189,194,202,307,170,180,122,195,195,206,10,648,568,29987,1381,1156,294,288,282,293,277,276,277,272,282,277,269,260,258,525,0,0,0,0,0,0,0,0,0,0,0,0,0,0,0,0,0,0,0,0,-12,0,-661,24,-655,-654,-654,-654,-645,-640,-608,-561,-5081,-4650,-29973,-29974,-29959,-4606,-618,0,0,0,0,0,0,0,0,0,0,0,0,0,0,0,0,0,0]} 1. d4 g6 2. c4 Bg7 3. e4 Nc6 4. Be3 e5 5. Ne2 d6 6. Nbc3 exd4 7. Nxd4 Bd7 {A42: Modern Defence: Averbakh Variation} (7... Nge7 8. h4 f5 9. h5 fxe4 10. hxg6 hxg6 11. Rxh8+ Bxh8 12. Nxe4 Bf5 13. Nxf5 Nxf5 14. Bg5 Qd7 15. Qd2 Nce7 16. O-O-O O-O-O {1-0 (24) Grischuk,A (2766)-Nepomniachtchi,I (2757) chess.com INT 2018}) 8. Be2 {LiveBook: 5 Games} Nge7 9. h4 h6 {White is slightly better.} 10. Qd2 a6 11. O-O-O Ne5 12. Nd5 $146 (12. h5 $16) ({Predecessor:} 12. Nb3 h5 13. f3 b6 14. Kb1 {0-1 (32) Sebenik,M (2407)-Lau,R (2467) Aschach 2005}) 12... Nxd5 13. cxd5 Ng4 14. Bxg4 $1 Bxg4 15. f3 Bd7 16. Kb1 c5 (16... h5 $16) 17. dxc6 $1 $18 bxc6 18. Nb3 d5 (18... Be6 {keeps fighting.} 19. Qxd6 Qxd6 20. Rxd6 O-O) 19. Nc5 ({Less strong is} 19. exd5 cxd5 20. Bc5 (20. Qxd5 Bf5+ 21. Ka1 O-O $14) 20... Bf5+ 21. Ka1 Be6 $18) (19. Bc5 $142) 19... Rb8 20. b3 (20. Nb3 $18) 20... a5 (20... Bc8 $16 21. Bd4 O-O) 21. Nxd7 Qxd7 22. exd5 $2 (22. Bc5 $1 $18) 22... a4 $2 {[%mdl 8192]} (22... O-O $11) 23. Bc5 {White wants to mate with Qe1+.} axb3 24. Rhe1+ (24. Qe1+ $142 Kd8 25. dxc6 bxa2+ 26. Kxa2 Ra8+ 27. Kb3 Bd4 28. cxd7 Bxc5 29. Qe5) 24... Kd8 25. dxc6 $2 (25. Qa5+ Kc8 26. d6) 25... bxa2+ 26. Kxa2 {[%csl Gc6,Gd1][%cal Rd2d7]} Ra8+ 27. Kb3 {[%csl Gc6,Gd1][%cal Rd2d7]} Qxd2 28. Rxd2+ Kc7 29. Bd6+ Kxc6 30. Rc1+ Kb5 31. Rd5+ Kb6 $2 {[#]} (31... Ka6 32. Rc6+ Kb7 33. Rc7+ Kb6 34. Rxf7 Kc6) 32. Be5 $2 (32. Bc7+ $1 $18 Ka7 33. Ra5+ Kb7 34. Rb5+ Kc8 35. Be5+ Kd7 36. Rb7+ Ke6 37. Bxg7) 32... Bxe5 $11 33. Rxe5 {[%mdl 4096] Endgame KRR-KRR} Rhe8 34. Rce1 (34. Rec5 {is more complex.} Re6 35. R5c4 Ra5 36. Kc3 Rd6 37. Rb1+) 34... Red8 35. R1e3 Rd2 36. g4 Raa2 37. Kb4 Rd4+ 38. Kc3 Rf4 39. R5e4 Rf6 40. Rb4+ Kc6 41. Rc4+ Kb6 42. Kd4 Rd2+ 43. Ke4 $2 {[%mdl 8192]} (43. Kc3 $11 Rf2 44. Rb4+ Ka6 45. Ra4+ Kb5 46. Rb4+ Kc5 47. Rc4+ Kb6 48. Rb4+ Ka6 49. Kd4 R2xf3 50. Rb8) 43... Re6+ $19 44. Kf4 {[#]} g5+ $1 {[%mdl 512]} 45. hxg5 hxg5+ 46. Kxg5 {Hoping for Rxe6+.} Rxe3 47. Rf4 Rd5+ 48. Kh6 Re7 49. Rf6+ Re6 50. Kg7 Rg5+ (50... Rxf6 $142 51. Kxf6 Rd7 52. g5 Kc7 53. Kg7 Kd6 54. Kf6 Kd5 55. f4 Ke4 56. g6 fxg6 57. Kg5 Rd5+ 58. Kf6 Kxf4 59. Ke6 Rd3 60. Kf7 g5 61. Kf6 g4 62. Kf7 g3 63. Kg6 g2 64. Kg7 g1=Q+ 65. Kf8 Qc5+ 66. Kg8 Qa7 67. Kh8 Rd8#) 51. Kxf7 {[#]} Rxf6+ $2 (51... Rc6 $1 $19 {...Kc5 is the strong threat.} 52. Re6 Rxe6 53. Kxe6 Kc7) 52. Kxf6 {KR-KPP. The position is equal.} Rg8 {White must now prevent ...Kc7.} 53. g5 Kc6 54. g6 Kd7 55. Kf7 Re8 56. g7 Re7+ 57. Kg6 Re6+ 58. Kh7 Re7 59. Kh8 Re8+ 60. g8=Q {Precision: White = 47%, Black = 40%.} 1/2-1/2

[Event "RUS-chT Blitz Men 2018"]
[Site "Sochi"]
[Date "2018.10.10"]
[Round "6"]
[White "Antipov, Mikhail Al."]
[Black "Demidov, Mikhail"]
[Result "1-0"]
[WhiteElo "2593"]
[BlackElo "2514"]
[Annotator "TA"]
[PlyCount "55"]
[EventDate "2018.10.10"]
[EventType "swiss"]
[EventCountry "RUS"]
[SourceTitle "playchess.com"]
[Source "ChessBase"]
[SourceQuality "1"]

{[%evp 12,55,57,56,68,64,73,51,45,45,66,58,61,55,50,47,79,64,73,15,17,0,0,0,-1,-19,-7,-18,-14,-17,-19,-20,-10,-16,50,50,95,86,123,116,129,94,100,102,2483,2341]} 1. e4 e6 2. d4 d5 3. Nd2 dxe4 4. Nxe4 Bd7 5. Nf3 Bc6 6. Bd3 Nd7 7. c3 Bxe4 {C10: French with 3 Nc3: Unusual Black 3rd moves and 3...dxe4} (7... Ndf6 8. Nxf6+ gxf6 9. O-O Ne7 10. c4 Qd7 11. Be3 Bg7 12. Qe2 O-O 13. Rad1 Rfe8 14. h4 Rad8 15. h5 {0-1 (40) Areshchenko,A (2677)-Jobava,B (2713) Chartres 2017}) 8. Bxe4 c6 9. O-O Ngf6 {White is slightly better.} 10. Bc2 g6 11. Bf4 Bg7 $146 12. Bd6 Bf8 13. Bg3 Bg7 14. a4 a5 15. Ne5 ({White should try} 15. Re1 $16) 15... Nh5 16. Nxd7 {[#] Threatens to win with Nc5.} Nxg3 17. hxg3 {Hoping for Nc5.} Qxd7 18. Qg4 O-O 19. Rfe1 Qc7 20. Bd3 Rad8 21. Bc4 Rfe8 22. Re3 e5 (22... Bh6 $11) 23. Rae1 Qb8 24. Rf3 $36 {[%mdl 2048] Keeping Black busy.} Rf8 25. dxe5 {And now e6 would win.} Bxe5 {[#]} 26. Rxf7 $1 {[%mdl 512]} Rxf7 27. Qe6 Rdd7 $2 {[%mdl 8192]} (27... Kh8 $16 28. Qxf7 Rf8) 28. Qxd7 $1 {Precision: White = 45%, Black = 56%.} 1-0

[Event "RUS-chT Blitz Men 2018"]
[Site "Sochi"]
[Date "2018.10.10"]
[Round "6"]
[White "Timofeev, Artyom"]
[Black "Savchenko, Boris"]
[Result "0-1"]
[WhiteElo "2580"]
[BlackElo "2562"]
[Annotator "TA"]
[PlyCount "94"]
[EventDate "2018.10.10"]
[EventType "swiss"]
[EventCountry "RUS"]
[SourceTitle "playchess.com"]
[Source "ChessBase"]
[SourceQuality "1"]

{[%evp 14,94,17,-6,18,-15,-6,-12,0,0,0,0,31,3,28,9,12,9,41,18,31,-11,27,-42,-25,-142,-148,-140,-141,-159,-162,-187,-177,-287,-279,-295,-294,-370,-377,-378,-367,-351,-345,-358,-275,-555,-495,-566,-579,-578,-561,-522,-510,-612,-608,-568,-502,-678,-677,-748,-751,-750,-743,-741,-735,-767,-767,-767,-767,-833,-827,-869,-867,-867,-860,-1130,-1123,-5472,-5258,-5210,-4403,-2211,-1278]} 1. c4 e5 2. Nc3 d6 3. g3 f5 4. Bg2 Be7 5. e3 Nf6 6. Nge2 O-O 7. O-O c6 8. d4 {LiveBook: 40 Partien. A21: Englische Eröffnung} (8. d3 Na6 9. f4 Qe8 10. b3 Bd8 11. Qd2 Bb6 12. Na4 Bc7 13. Bb2 Bd7 14. Rae1 Rd8 15. h3 b5 16. cxb5 cxb5 {1-0 (52) Oparin,G (2609)-Vitiugov,N (2730) Satka 2018}) 8... e4 9. d5 Nbd7 {[%cal Bb8d7,Bd7e5,Be5c4][%mdl 32]} 10. f3 {Die Stellung ist ausgeglichen.} exf3 11. Rxf3 $146 ({Vorgänger:} 11. Bxf3 Ne5 12. dxc6 Nxf3+ 13. Rxf3 bxc6 14. Nd4 Bd7 15. Nxf5 {0-1 (36) Espuny Vine,R (2044)-Khaidorov,V (2232) Hospitalet 2008}) 11... Ne5 12. Rf1 Kh8 13. Nd4 {[%cal Rd5c6]} c5 14. Nxf5 Nxc4 15. e4 a6 16. h3 b5 17. Kh1 Bxf5 18. Rxf5 (18. exf5 $11 Qb6 19. b3) 18... Nd7 19. Ne2 (19. Rxf8+ $11 Qxf8 20. Qc2) 19... Rxf5 $17 20. exf5 Bf6 21. Qc2 Qe7 22. a4 {[#] zielt auf axb5 ab.} Re8 23. axb5 (23. Bf1 $142) 23... Qxe2 $19 24. Qxe2 Rxe2 25. bxa6 Re1+ 26. Kh2 Ndb6 27. a7 Na8 28. Bf3 Nd2 (28... Nxb2 29. Ra6 $15) 29. Ra6 $2 {[#]} (29. Bg2) 29... Nxf3+ {Schwarz steht klar auf Gewinn.} 30. Kg2 {beabsichtigt Tc6.} Nd4 31. Bf4 Re2+ 32. Kf1 Rxb2 33. Rxd6 Rb7 34. Ra6 Nxf5 35. g4 Ne7 36. d6 Nc8 37. Rc6 Nxa7 38. Rxc5 h6 39. Bg3 Nb6 40. h4 Nd7 41. Ra5 Nc6 42. Rd5 Rb4 43. g5 Be5 44. Bxe5 Ncxe5 45. gxh6 gxh6 46. h5 Rh4 47. Ke2 Rxh5 {Precision: Weiß = 11%, Schwarz = 62%.} 0-1

[Event "RUS-chT Blitz Men 2018"]
[Site "Sochi"]
[Date "2018.10.10"]
[Round "6"]
[White "Bocharov, Dmitry"]
[Black "Dilmukhametov, Artur"]
[Result "1-0"]
[WhiteElo "2557"]
[BlackElo "2353"]
[Annotator "TA"]
[PlyCount "39"]
[EventDate "2018.10.10"]
[EventType "swiss"]
[EventCountry "RUS"]
[SourceTitle "playchess.com"]
[Source "ChessBase"]
[SourceQuality "1"]

{[%evp 9,39,20,45,8,45,27,48,24,45,44,39,31,46,41,40,40,41,-43,-43,-34,-25,-110,30,7,564,566,684,718,1158,1134,1102,1088]} 1. c4 c6 2. Nf3 d5 3. e3 Nf6 4. Nc3 a6 5. Be2 (5. d4 Bf5 6. Qb3 b5 7. c5 a5 8. Ne5 a4 9. Qd1 g6 10. Be2 Bg7 11. O-O O-O 12. g4 Be6 13. f3 Nfd7 14. Nd3 {½-½ (41) Navara,D (2727)-Eljanov,P (2702) Brest 2018}) 5... Bf5 6. Nh4 $146 {A11: Reti-Eröffnung} (6. O-O {keeps more tension.} e6 7. Nh4 Bd6 8. b3 O-O 9. Bb2) ({Vorgänger:} 6. Qb3 Ra7 7. d4 h6 8. a4 e6 9. a5 Nbd7 10. Bd2 Bd6 11. Na4 dxc4 12. Qxc4 Qe7 {1-0 (39) Marin,M (2549)-Tischbierek,R (2426) Porto Mannu 2013}) 6... Bg6 7. Nxg6 hxg6 8. Qb3 {Weiß steht etwas besser.} Ra7 9. d4 e6 10. O-O Nbd7 11. g3 b5 12. c5 a5 13. Nxb5 (13. Qc2 $14) 13... cxb5 $15 14. Bxb5 {Mit der Idee c6.} Qc7 15. e4 (15. Ba4 $11 {hält das Gleichgewicht.}) 15... Nxe4 ({Günstiger ist} 15... a4 $1 $17 {[%cal Ra4b3]} 16. Bxa4 dxe4) 16. Bf4 $11 {[#]} e5 $2 {[%mdl 8192]} (16... a4 $1 $11 {und Schwarz steht sicher.} 17. Bxa4 Qc8) 17. Bxe5 $18 {Weiß steht klar auf Gewinn.} Qc8 18. Qxd5 Nef6 19. Bxf6 gxf6 20. c6 {Precision: Weiß = 34%, Schwarz = 16%.} 1-0